|
|
|
|
| LEADER |
00000cam a2200000 a 4500 |
| 001 |
vtls001103780 |
| 003 |
SK-MaSNL |
| 005 |
20260302064204.0 |
| 008 |
250313s1981 xo a e n 000 0 slo |
| 015 |
|
|
|a SNBA1981/12
|
| 035 |
|
|
|a SNK000046622
|
| 035 |
|
|
|a urn:nbn:sk:snk-amkz8k
|
| 035 |
|
|
|a urn:nbn:sk:snk-am008paf
|
| 035 |
|
|
|a D9241A59-6451-4A60-9AFC-6E8DFBC7B24C
|
| 040 |
|
|
|a SNK
|b slo
|c SNK
|e AACR2
|
| 041 |
0 |
|
|a slo
|
| 044 |
|
|
|a xo
|c SK
|
| 080 |
|
|
|a 636.1.08(075.8)
|2 1981
|
| 100 |
1 |
|
|a Medvecký, Dušan,
|d 1927-2009
|4 aut
|9 245030
|
| 245 |
1 |
0 |
|a Chov koní
|c Dušan Medvecký
|
| 250 |
|
|
|a 3. vyd.
|
| 260 |
|
|
|a Nitra
|b Príroda
|c 1981
|
| 300 |
|
|
|a 127 s., 9,92 AH
|b sch., tab.
|c 29 cm
|
| 366 |
|
|
|e 400 výt.
|
| 490 |
1 |
|
|a Vysokoškolské učebné texty
|
| 500 |
|
|
|a Vyd. pre VŠD v Nitre
|
| 650 |
0 |
7 |
|a kone
|2 SNKPH
|9 2809
|
| 655 |
|
7 |
|a učebnice vysokých škôl
|2 SNKPH
|9 70191
|
| 830 |
|
0 |
|a Vysokoškolské učebné texty
|9 276539
|
| 852 |
|
|
|a Slovenská národná knižnica
|
| 958 |
|
|
|a OND
|
| 999 |
|
|
|c 1136310
|d 1138240
|
| 952 |
|
|
|a SNK
|b SNK
|y PREZ
|7 0
|p 17A0982360
|o snkSB 32799
|i snkKSP 10895/81
|0 0
|1 0
|4 0
|d 2012-07-19
|f 1
|l 0
|r 2025-04-07 00:00:00
|w 2026-02-24
|
| 952 |
|
|
|t P60, <04>, [BOOK], {604}
|a SNK
|b SNK
|y VYP
|7 0
|p 17A0358692
|o snkSB 32799 D1
|i snkKSP 10896/81
|0 0
|1 0
|4 0
|d 2003-07-18
|l 0
|r 2004-12-31 00:00:00
|w 2026-02-24
|